Score 0/15 Timer 03:00
0 Plays Today
% Correct
Abraham
100%
van Leeuwenhoek
94.4%
Rooney
83.3%
Peng
83.3%
Kline
77.8%
Wyman
77.8%
Wong
77.8%
Zafar
77.8%
% Correct
Turnbull
72.2%
Tittle
72.2%
Hosmer
66.7%
Hart
44.4%
Graham
44.4%
Hopper
11.1%
Fragapane
11.1%

You're not logged in!

Compare scores with friends on all Sporcle quizzes.
OR
Log In

Sporcle TV

Today on Sporcle TV


Watch our educational content, quiz creation guides, and fun videos on Sporcle TV.

Show Comments

Extras

Top Quizzes Today


Score Distribution

Paid Content

Your Account Isn't Verified!

In order to create a playlist on Sporcle, you need to verify the email address you used during registration. Go to your Sporcle Settings to finish the process.

Report this User

Report this user for behavior that violates our Community Guidelines.

Details: